<?xml version="1.0" encoding="UTF-8"?>
<record
    xmlns:xsi="http://www.w3.org/2001/XMLSchema-instance"
    xsi:schemaLocation="http://www.loc.gov/MARC21/slim http://www.loc.gov/standards/marcxml/schema/MARC21slim.xsd"
    xmlns="http://www.loc.gov/MARC21/slim">

  <leader>05258cam a2200385   4500500</leader>
  <controlfield tag="005">20260517000316.0</controlfield>
  <datafield tag="041" ind1=" " ind2=" ">
    <subfield code="a">fre</subfield>
  </datafield>
  <datafield tag="042" ind1=" " ind2=" ">
    <subfield code="a">dc</subfield>
  </datafield>
  <datafield tag="100" ind1="1" ind2="0">
    <subfield code="a">Dubois-Fabing, Delphine</subfield>
    <subfield code="e">author</subfield>
  </datafield>
  <datafield tag="700" ind1="1" ind2="0">
    <subfield code="a">Pichon, Philippe</subfield>
    <subfield code="e">author</subfield>
  </datafield>
  <datafield tag="700" ind1="1" ind2="0">
    <subfield code="a">Arnevielhe, Aliz&#xE9;e</subfield>
    <subfield code="e">author</subfield>
  </datafield>
  <datafield tag="700" ind1="1" ind2="0">
    <subfield code="a">Suscillon, Marie-Paule</subfield>
    <subfield code="e">author</subfield>
  </datafield>
  <datafield tag="700" ind1="1" ind2="0">
    <subfield code="a">Caron, Bruno</subfield>
    <subfield code="e">author</subfield>
  </datafield>
  <datafield tag="700" ind1="1" ind2="0">
    <subfield code="a">Saillard, Fabienne</subfield>
    <subfield code="e">author</subfield>
  </datafield>
  <datafield tag="700" ind1="1" ind2="0">
    <subfield code="a">Fran&#xE7;ois, Patrice</subfield>
    <subfield code="e">author</subfield>
  </datafield>
  <datafield tag="245" ind1="0" ind2="0">
    <subfield code="a">Sant&#xE9; mentale, pr&#xE9;carit&#xE9; et pratiques des m&#xE9;decins g&#xE9;n&#xE9;ralistes, enqu&#xEA;te en Centres de sant&#xE9; de Grenoble</subfield>
  </datafield>
  <datafield tag="260" ind1=" " ind2=" ">
    <subfield code="c">2012.
							</subfield>
  </datafield>
  <datafield tag="500" ind1=" " ind2=" ">
    <subfield code="a">81</subfield>
  </datafield>
  <datafield tag="520" ind1=" " ind2=" ">
    <subfield code="a">R&#xE9;sum&#xE9;En France, le r&#xF4;le des m&#xE9;decins g&#xE9;n&#xE9;ralistes en sant&#xE9; mentale pour des populations fortement pr&#xE9;caris&#xE9;es est peu document&#xE9;. Les centres de sant&#xE9; associatifs grenoblois ont pour vocation d&#x2019;offrir aux populations des zones urbaines sensibles (ZUS) des soins primaires de qualit&#xE9; incluant une dimension m&#xE9;dico-sociale et pr&#xE9;ventive. Cette &#xE9;tude visait &#xE0; mieux conna&#xEE;tre la place de la sant&#xE9; mentale dans la pratique des m&#xE9;decins g&#xE9;n&#xE9;ralistes de centres de sant&#xE9; implant&#xE9;s en ZUS en estimant la fr&#xE9;quence des troubles mentaux et de la souffrance psychique per&#xE7;us par les m&#xE9;decins g&#xE9;n&#xE9;ralistes des centres de sant&#xE9; et en d&#xE9;crivant les particularit&#xE9;s de leur prise en charge. Cette &#xE9;tude transversale d&#xE9;clarative portait sur les consultations de m&#xE9;decine g&#xE9;n&#xE9;rale dans les centres de sant&#xE9; de l&#x2019;association de gestion des centres de sant&#xE9; (AGECSA) pendant une semaine. &#xC0; l&#x2019;issue de la consultation, chaque m&#xE9;decin recueillait des &#xE9;l&#xE9;ments relatifs aux caract&#xE9;ristiques, aux troubles mentaux, &#xE0; la souffrance psychique, &#xE0; la vuln&#xE9;rabilit&#xE9; et aux &#xE9;l&#xE9;ments de prise en charge des patients. Parmi les 451 patients inclus, les omnipraticiens ont identifi&#xE9; des situations de vuln&#xE9;rabilit&#xE9; dans 45,2&#xA0;% des cas, des troubles mentaux dans 43&#xA0;%, dont 29&#xA0;% d&#x2019;anxi&#xE9;t&#xE9; et 20&#xA0;% de d&#xE9;pression. 44&#xA0;% des patients &#xE9;taient atteints de trouble mental et/ou souffrance psychique. Pour ceux-ci, 52,8&#xA0;% des consultations d&#xE9;passaient 20 minutes. Elles incluaient g&#xE9;n&#xE9;ralement une intervention en sant&#xE9; mentale (76&#xA0;% des cas) dont un soutien psychologique (59&#xA0;%), une prise en charge des troubles fonctionnels somatiques (46&#xA0;%). Cette &#xE9;tude montre une forte proportion de troubles mentaux diagnostiqu&#xE9;s par les m&#xE9;decins g&#xE9;n&#xE9;ralistes exer&#xE7;ant en centre de sant&#xE9; dans des quartiers vuln&#xE9;rables ainsi que leur r&#xF4;le &#xE9;tendu et sp&#xE9;cifique dans la pr&#xE9;vention et le soin en sant&#xE9; mentale. Ceci am&#xE8;ne &#xE0; s&#x2019;int&#xE9;resser aux modes d&#x2019;organisation des centres de sant&#xE9; et aux conditions de prises en charge de qualit&#xE9; des probl&#xE9;matiques de sant&#xE9; mentale.</subfield>
  </datafield>
  <datafield tag="520" ind1=" " ind2=" ">
    <subfield code="a">Mental health, precarity and general practice: a study of non-profit health centers in GrenobleVery little research has been conducted on the role of general practitioners (GPs) in mental health care among socioeconomically disadvantaged populations in France. The non-profit community health care centers in Grenoble provide populations living in sensitive urban zones with high quality primary health care that includes a medico-social and prevention dimension. The aim of this study was to measure the prevalence of mental health issues diagnosed by GPs in health care centers, to identify the factors associated with these issues and to describe treatment characteristics.This cross-sectional study focused on general practice consultations in the AGECSA Grenoble health care centers over the course of one week. At the end of each consultation, the GP collected information about the patient, including personal data, psychological disorders, vulnerability, and patient health management. Among the 451 patients included in the study, GPs found that 45.2% of patients were in vulnerable situations and 43% of patients suffered from a mental disorder, including 29% of cases of anxiety and 20% of cases of depression. 44% of patients suffered from a psychological disorder (mental disorder and/or psychological suffering). For these patients, 52.8% of the consultations lasted more than 20 minutes. Their treatment generally included a mental health care follow-up (in 76% of cases), including psychological support (59%) and treatment of functional somatic disorders (46%). The study shows the high prevalence of psychological disorders diagnosed in the patients treated by GPs working in health care centers in disadvantaged urban areas. Research shows that GPs play an important and specific role in mental health care and prevention. An analysis of the organizational methods used in health care centers is highly relevant.</subfield>
  </datafield>
  <datafield tag="690" ind1=" " ind2=" ">
    <subfield code="a">centres de sant&#xE9;</subfield>
  </datafield>
  <datafield tag="690" ind1=" " ind2=" ">
    <subfield code="a">m&#xE9;decine g&#xE9;n&#xE9;rale</subfield>
  </datafield>
  <datafield tag="690" ind1=" " ind2=" ">
    <subfield code="a">pr&#xE9;carit&#xE9;</subfield>
  </datafield>
  <datafield tag="690" ind1=" " ind2=" ">
    <subfield code="a">psychiatrie</subfield>
  </datafield>
  <datafield tag="690" ind1=" " ind2=" ">
    <subfield code="a">sant&#xE9; mentale</subfield>
  </datafield>
  <datafield tag="690" ind1=" " ind2=" ">
    <subfield code="a">troubles mentaux</subfield>
  </datafield>
  <datafield tag="690" ind1=" " ind2=" ">
    <subfield code="a">community health care centers</subfield>
  </datafield>
  <datafield tag="690" ind1=" " ind2=" ">
    <subfield code="a">general practice</subfield>
  </datafield>
  <datafield tag="690" ind1=" " ind2=" ">
    <subfield code="a">mental disorders</subfield>
  </datafield>
  <datafield tag="690" ind1=" " ind2=" ">
    <subfield code="a">mental health</subfield>
  </datafield>
  <datafield tag="690" ind1=" " ind2=" ">
    <subfield code="a">precarity</subfield>
  </datafield>
  <datafield tag="690" ind1=" " ind2=" ">
    <subfield code="a">psychiatry</subfield>
  </datafield>
  <datafield tag="786" ind1="0" ind2=" ">
    <subfield code="n">Sant&#xE9; Publique | 23 | HS | 2012-02-02 | p. 97-111 | 0995-3914</subfield>
  </datafield>
  <datafield tag="856" ind1="4" ind2="1">
    <subfield code="u">https://stm.cairn.info/revue-sante-publique-2011-HS-page-97?lang=fr&amp;redirect-ssocas=7080</subfield>
  </datafield>
  <datafield tag="999" ind1=" " ind2=" ">
    <subfield code="c">2231209</subfield>
    <subfield code="d">2231209</subfield>
  </datafield>
</record>
